Polscy skoczkowie, którzy wystąpili na igrzyskach olimpijskich - Statystyki

Ogólne statystyki
  • Ten quiz został rozwiązany 123 razy
  • Średni wynik to 15 z 53
Statystyki odpowiedzi
Odpowiedź % Poprawnych
Kamil Stoch
98%
Piotr Żyła
97%
Dawid Kubacki
95%
Adam Małysz
94%
Maciej Kot
93%
Stefan Hula
82%
Robert Mateja
80%
Wojciech Fortuna
77%
Jan Ziobro
63%
Piotr Fijas
58%
Paweł Wąsek
54%
Łukasz Rutkowski
53%
Wojciech Skupień
49%
Stanisław Bobak
48%
Łukasz Kruczek
45%
Stanisław Marusarz
45%
Andrzej Marusarz
44%
Józef Marusarz
44%
Leopold Tajner
43%
Tomisław Tajner
43%
Władysław Tajner
43%
Krzysztof Miętus
31%
Tomasz Pochwała
22%
Krystian Długopolski
17%
Rafał Śliż
15%
Stanisław Gąsienica-Daniel
15%
Bronisław Czech
13%
Jan Kowal
13%
Zbigniew Klimowski
10%
Antoni Łaciak
8%
Janusz Malik
8%
Józef Przybyła
5%
Stanisław Pawlusiak
3%
Tadeusz Pawlusiak
3%
Aleksander Rozmus
2%
Andrzej Krzeptowski
2%
Antoni Wieczorek
2%
Janusz Waluś
2%
Józef Daniel Krzeptowski
2%
Piotr Wala
2%
Adam Krzysztofiak
1%
Jan Gąsienica Ciaptak
1%
Roman Gąsienica-Sieczka
1%
Ryszard Witke
1%
Stanisław Gąsienica-Sieczka
1%
Andrzej Sztolf
0%
Erwin Fiedor
0%
Jakub Węgrzynkiewicz
0%
Jan Kula
0%
Józef Huczek
0%
Józef Kocyan
0%
Marek Pach
0%
Zbigniew Hola
0%
Nie znaleziono quizów pasujących do podanych kryteriów
Rozkład punktacji
Procent ludzi z każdym wynikiem
Percentyl według liczby udzielonych odpowiedzi
Twoja historia wyników
Nie rozwiązałeś tego quizu